00205nam a22000857a 4500020001500000100001700015245004900032260002700081300001100108 a0439198992 aBarbara Park aJunie B. Jones and the Mushy Gushy Valentime aNew York bScholastic  a69 pgs